ბათუმის შოთა რუსთაველის სახელმწიფო უნივერსიტეტის ბიბლიოთეკა

ელექტროტექნიკის თეორიული საფუძვლები : (ბიბ.ჩანაწერი № 40178)

000 -ლიდერი
ფიქსირებული სიგრძის საკონტროლო ველი 01069nam a2200229Ia 4500
001 - საკონტროლო ნომერი
საკონტროლო ველი 6784
003 - საკონტროლო ნომრის იდენტიფიკატორი
საკონტროლო ველი GE_BSU
005 - ბოლო ოპერაციის თარიღი და დრო
საკონტროლო ველი 20190620210550.0
008 - ფიქსირებული სიგრძის მონაცემთა ელემენტები - ზოგადი ინფორმაცია
ფიქსირებული სიგრძის საკონტროლო ველი 181216s1988||||ge |||||||||||||| ||geo||
040 ## - კატალოგიზაციის წყარო
Transcribing agency GE_BSU
041 ## - ენის კოდი
Language code of text/sound track or separate title geo
080 ## - უნივერსალური ათობითი კლასიფიკაციის ინდექსი
Universal Decimal Classification number 621.3.01(075.8) მ-57
100 ## - მთავარი ჩანაწერი - პიროვნების სახელი
Personal name მერაბიშვილი, ა.
9 (RLIN) 2703
245 ## - ცნობა სათაურის შესახებ
Title ელექტროტექნიკის თეორიული საფუძვლები :
Remainder of title სახელმძღვ. /
Statement of responsibility, etc ა. მერაბიშვილი, გ. ხოსროშვილი ; რედ. ი. გოგუაძე.
264 ## - წარმოების, გამოცემის, დისტრიბუციის და სხვა ცნობები
გამოცემის, წარმოების, დისტრიბუციის... ადგილი თბილისი :
გამოცემის, წარმოების, დისტრიბუციის... სახელწოდება განათლება,
გამოცემის, წარმოების, დისტრიბუციის... თარიღი 1988.
300 ## - ფიზიკური აღწერა
Extent 311 გვ. ;
Dimensions 22 სმ.
504 ## - BIBLIOGRAPHY, ETC. NOTE
Bibliography, etc ბიბლიოგრ. : გვ.304-305
653 ## - INDEX TERM--UNCONTROLLED
Uncontrolled term ელექტროტექნიკის თეორიული საფუძვლები
700 ## - ADDED ENTRY--PERSONAL NAME
Personal name ხოსროშვილი, გ.
Relator term ავტორი
9 (RLIN) 2704
700 ## - ADDED ENTRY--PERSONAL NAME
Personal name გოგუაძე, ი.
Relator term რედაქტორი
9 (RLIN) 2705
942 ## - ADDED ENTRY ELEMENTS (KOHA)
Koha item type წიგნი
Source of classification or shelving scheme
ეგზემპლარები
ჩამოწერის სტატუსი დაკარგული ეგზემპლარის სტატუსი კლასიფიკაციის წყარო ან თაროზე გაწყობის სქემა დაზიანების სტატუსი არ გაიცემა მუდმივი მდებარეობა (დაცვის ადგილი) ამჟამინდელი ადგილსამყოფელი თაროზე განთავსების ადგილი შეძენის თარიღი ღირებულება, შესყიდვის ნორმალური ფასი სრული შენახვის შიფრი შტრიხკოდი ბოლო ოპერაციის თარიღი ეგზემპლარის მიმდევრობითი ნომერი (კეტერი?) ფასის ძალაში შესვლის თარიღი ეგზემპლარის სახეობა საჯარო შენიშვნა
          ტექნოლოგიური ფაკულტეტის ბიბლიოთეკა ტექნოლოგიური ფაკულტეტის ბიბლიოთეკა წიგნსაცავი 2018-12-17 1.40 621.3.01(075.8) მ-57 10707 2018-12-17 10707 2018-12-17 წიგნი 1.40 ლ.
          ტექნოლოგიური ფაკულტეტის ბიბლიოთეკა ტექნოლოგიური ფაკულტეტის ბიბლიოთეკა წიგნსაცავი 2018-12-17 1.40 621.3.01(075.8) მ-57 10708 2018-12-17 10708 2018-12-17 წიგნი 1.40 ლ.
          ტექნოლოგიური ფაკულტეტის ბიბლიოთეკა ტექნოლოგიური ფაკულტეტის ბიბლიოთეკა წიგნსაცავი 2018-12-17 1.40 621.3.01(075.8) მ-57 10709 2018-12-17 10709 2018-12-17 წიგნი 1.40 ლ.
          ტექნოლოგიური ფაკულტეტის ბიბლიოთეკა ტექნოლოგიური ფაკულტეტის ბიბლიოთეკა წიგნსაცავი 2018-12-17 1.40 621.3.01(075.8) მ-57 10710 2018-12-17 10710 2018-12-17 წიგნი 1.40 ლ.
          ტექნოლოგიური ფაკულტეტის ბიბლიოთეკა ტექნოლოგიური ფაკულტეტის ბიბლიოთეკა წიგნსაცავი 2018-12-17 1.40 621.3.01(075.8) მ-57 10711 2018-12-17 10711 2018-12-17 წიგნი 1.40 ლ.
          ტექნოლოგიური ფაკულტეტის ბიბლიოთეკა ტექნოლოგიური ფაკულტეტის ბიბლიოთეკა წიგნსაცავი 2018-12-17 1.40 621.3.01(075.8) მ-57 10712 2018-12-17 10712 2018-12-17 წიგნი 1.40 ლ.
          ტექნოლოგიური ფაკულტეტის ბიბლიოთეკა ტექნოლოგიური ფაკულტეტის ბიბლიოთეკა წიგნსაცავი 2018-12-17 1.40 621.3.01(075.8) მ-57 10713 2018-12-17 10713 2018-12-17 წიგნი 1.40 ლ.
          ტექნოლოგიური ფაკულტეტის ბიბლიოთეკა ტექნოლოგიური ფაკულტეტის ბიბლიოთეკა წიგნსაცავი 2018-12-17 1.40 621.3.01(075.8) მ-57 10714 2018-12-17 10714 2018-12-17 წიგნი 1.40 ლ.
          ტექნოლოგიური ფაკულტეტის ბიბლიოთეკა ტექნოლოგიური ფაკულტეტის ბიბლიოთეკა წიგნსაცავი 2018-12-17 1.40 621.3.01(075.8) მ-57 10715 2018-12-17 10715 2018-12-17 წიგნი 1.40 ლ.
          ტექნოლოგიური ფაკულტეტის ბიბლიოთეკა ტექნოლოგიური ფაკულტეტის ბიბლიოთეკა წიგნსაცავი 2019-06-20 1.40 621.3.01(075.8) მ-57 12403 2019-06-20 12403 2019-06-20 წიგნი 1.40 ლ.